<?xml version='1.0' encoding='UTF-8'?>
  <record xmlns="http://www.loc.gov/MARC21/slim">
    <leader>00000cam a22000007i 4500</leader>
    <controlfield tag="001">ocm71646408</controlfield>
    <controlfield tag="003">OCoLC</controlfield>
    <controlfield tag="005">20251002010758.3</controlfield>
    <controlfield tag="008">060228s1625    be            000 0 dut d</controlfield>
    <datafield tag="040" ind1=" " ind2=" ">
      <subfield code="a">NLGGC</subfield>
      <subfield code="b">dut</subfield>
      <subfield code="e">fobidrtb</subfield>
      <subfield code="c">NLGGC</subfield>
    </datafield>
    <datafield tag="029" ind1="0" ind2=" ">
      <subfield code="a">NLGGC</subfield>
      <subfield code="b">292163355</subfield>
    </datafield>
    <datafield tag="035" ind1=" " ind2=" ">
      <subfield code="a">(OCoLC)71646408</subfield>
    </datafield>
    <datafield tag="245" ind1="0" ind2="0">
      <subfield code="a">Dit is een schoon suyverlijck boecxken, in den welcken ghy vinden sult veel schoone leysenen ende gheestelijcke liedekens allen menschen tot devotien verweckende.</subfield>
    </datafield>
    <datafield tag="246" ind1="3" ind2=" ">
      <subfield code="a">schoon suverlijck boecxken, in den welcken ghy vinden sult veel schoone leysenen</subfield>
    </datafield>
    <datafield tag="250" ind1=" " ind2=" ">
      <subfield code="a">Op een nieu gecorrigeert ende verbetert, noch sijn hier achter van nieus by ghevoeght, veel schoone gheboort-liedekens, leysenen, hymnen ende gheestelijcke liedekens.</subfield>
    </datafield>
    <datafield tag="260" ind1=" " ind2=" ">
      <subfield code="a">T'Antwerpen :</subfield>
      <subfield code="b">voor Thomas Pietersz. Baert,</subfield>
      <subfield code="c">[ca. 1625]</subfield>
    </datafield>
    <datafield tag="300" ind1=" " ind2=" ">
      <subfield code="b">ill. ;</subfield>
      <subfield code="c">16 cm.</subfield>
    </datafield>
    <datafield tag="336" ind1=" " ind2=" ">
      <subfield code="a">tekst</subfield>
      <subfield code="b">txt</subfield>
      <subfield code="2">rdacontent/dut</subfield>
    </datafield>
    <datafield tag="337" ind1=" " ind2=" ">
      <subfield code="a">zonder medium</subfield>
      <subfield code="b">n</subfield>
      <subfield code="2">rdamedia/dut</subfield>
    </datafield>
    <datafield tag="338" ind1=" " ind2=" ">
      <subfield code="a">band</subfield>
      <subfield code="b">nc</subfield>
      <subfield code="2">rdacarrier/dut</subfield>
    </datafield>
    <datafield tag="500" ind1=" " ind2=" ">
      <subfield code="a">J.v.u. gebaseerd op de werkzame jaren en het adres van de uitgever.</subfield>
    </datafield>
    <datafield tag="776" ind1="0" ind2=" ">
      <subfield code="t">Dit is een schoon suyverlijck boecxken, in den welcken ghy vinden sult veel schoone leysenen ende gheestelijcke liedekens allen menschen tot devotien verweckende</subfield>
      <subfield code="w">(NL-LeOCL)394975006</subfield>
    </datafield>
    <datafield tag="936" ind1=" " ind2=" ">
      <subfield code="a">BATCHLOAD</subfield>
    </datafield>
  </record>